[Event "7th EuropCh Men"]
[Site "Kusadasi / Turkey"]
[Date "2006.04.09"]
[Round "6"]
[White "Nijboer, Friso"]
[Black "Gashimov, Vugar"]
[Result "1-0"]
[WhiteElo "2584"]
[BlackElo "2644"]
[PlyCount "163"]
[EventDate "2006.04.04"]
[EventRounds "11"]
[EventCountry "AUT"]

1. e4 c5 2. Nf3 d6 3. d4 cxd4 4. Nxd4 Nf6 5. Nc3 a6 6. Be3 e5 7. Nb3 Be6 8. f3
Be7 9. Qd2 O-O 10. O-O-O Nbd7 11. g4 b5 12. g5 b4 13. Ne2 Ne8 14. Ng3 a5 15.
Kb1 a4 16. Nc1 Qb8 17. h4 Bd8 18. Bd3 Ba5 19. Qe2 Qc7 20. Bb5 Nb6 21. Rd3 Nc4
22. Bxa4 Bb6 23. Bb3 Bxe3 24. Rxe3 Qa7 25. Bxc4 Bxc4 26. Qxc4 Qxe3 27. Nf5 Qf2
28. Qf1 Qxf1 29. Rxf1 Ra7 30. Nd3 Rb7 31. Ne3 f6 32. Nd5 fxg5 33. hxg5 Nc7 34.
Nxc7 Rxc7 35. Nxb4 h5 36. g6 h4 37. Nd5 Ra7 38. b4 Rfa8 39. Rh1 Rxa2 40. Rxh4
Ra1+ 41. Kb2 R1a2+ 42. Kc1 R8a3 43. Rh3 Ra1+ 44. Kd2 Rg1 45. Rh2 Rxf3 46. b5
Rff1 47. Kc3 Rg4 48. Re2 Kf8 49. b6 Rb1 50. Rf2+ Ke8 51. Rf7 Rxg6 52. Rc7 Rg3+
53. Kd2 Rg2+ 54. Ke3 Rg3+ 55. Kf2 Rgg1 56. b7 Rgf1+ 57. Ke2 Rfe1+ 58. Kd3 Red1+
59. Kc3 Rd4 60. Rxg7 Kf8 61. Rh7 Rxe4 62. b8=Q+ Rxb8 63. Rh8+ Kf7 64. Rxb8 Ke6
65. Nb4 Rh4 66. Re8+ Kd7 67. Rg8 Kc7 68. Rg6 Rd4 69. Kb3 Rh4 70. c4 Rh3+ 71.
Ka4 Kd7 72. Nd5 Kc6 73. Kb4 Rh7 74. Nc3 Rh1 75. Rg7 Rh8 76. Nd5 Rb8+ 77. Kc3
Rb7 78. Rxb7 Kxb7 79. Kb3 Kc6 80. Kb4 Kd7 81. Kb5 Ke6 82. Nc3 1-0

[Event "7th EuropCh Men"]
[Site "Kusadasi / Turkey"]
[Date "2006.04.09"]
[Round "6"]
[White "Fressinet, Laurent"]
[Black "Minasian, Artashes"]
[Result "1-0"]
[WhiteElo "2633"]
[BlackElo "2574"]
[PlyCount "177"]
[EventDate "2006.04.04"]
[EventRounds "11"]
[EventCountry "AUT"]

1. e4 c6 2. d4 d5 3. e5 Bf5 4. Nf3 e6 5. Be2 Nd7 6. O-O h6 7. Nbd2 Ne7 8. Nb3
Ng6 9. Ne1 h5 10. Be3 c5 11. Nxc5 Bxc5 12. dxc5 Ngxe5 13. Qd4 Qc7 14. Bb5 O-O-O
15. Bf4 f6 16. Nd3 Bxd3 17. cxd3 g5 18. Bxd7+ Rxd7 19. Bxe5 fxe5 20. Qa4 Kb8
21. Rac1 Rf7 22. c6 b6 23. Qb5 g4 24. a4 Ka8 25. b4 Rhf8 26. a5 bxa5 27. bxa5
Rb8 28. Qc5 Rc8 29. Rc2 Rb8 30. Rcc1 Rc8 31. Qe3 Qd6 32. Qh6 Rf5 33. Rc2 e4 34.
dxe4 dxe4 35. a6 Rb5 36. Rfc1 Rd5 37. Re1 Rd1 38. Rc1 Rxe1+ 39. Rxe1 Qxc6 40.
Qxh5 Qxa6 41. Qxg4 Rc4 42. h4 e3 43. Qf3+ Qb7 44. Qxe3 Rxh4 45. Qxe6 Rh8 46.
Qe8+ Qc8 47. Qxc8+ Rxc8 48. Ra1 Rf8 49. f3 Kb7 50. Kf2 Ra8 51. g4 a5 52. Ra4
Kc6 53. Kg3 Kd5 54. g5 Ke6 55. Kg4 Kf7 56. Kf5 Kg7 57. f4 Ra7 58. Kg4 Ra8 59.
f5 Kf7 60. Kf4 Kg7 61. Ke5 Re8+ 62. Kd6 Ra8 63. Kc6 Kf7 64. Kb6 Rg8 65. g6+ Kf6
66. Rxa5 Rd8 67. Kc6 Re8 68. Rd5 Rc8+ 69. Kb7 Rg8 70. Kc7 Ra8 71. Kc6 Rc8+ 72.
Kb5 Kg5 73. Rc5 Rd8 74. Kc4 Kf6 75. Rd5 Re8 76. Kd3 Re1 77. Ra5 Re8 78. Kd4 Re7
79. Rc5 Re8 80. Rd5 Re7 81. Kc5 Re8 82. Kb6 Rb8+ 83. Kc7 Ra8 84. Rd8 Ra7+ 85.
Kb6 Re7 86. Rf8+ Kg7 87. Rc8 Kf6 88. Rc7 Re8 89. Rf7+ 1-0

[Event "7th EuropCh Men"]
[Site "Kusadasi / Turkey"]
[Date "2006.04.09"]
[Round "6"]
[White "Galkin, Alexander"]
[Black "Arutinian, David"]
[Result "1/2-1/2"]
[WhiteElo "2618"]
[BlackElo "2532"]
[PlyCount "25"]
[EventDate "2006.04.04"]
[EventRounds "11"]
[EventCountry "AUT"]

1. e4 c6 2. d4 d5 3. Nc3 dxe4 4. Nxe4 Bf5 5. Ng3 Bg6 6. Bc4 e6 7. N1e2 Bb4+ 8.
c3 Bd6 9. Nf4 Nf6 10. Bb3 a5 11. h4 Bxf4 12. Bxf4 h6 13. h5 1/2-1/2

[Event "7th EuropCh Men"]
[Site "Kusadasi / Turkey"]
[Date "2006.04.09"]
[Round "6"]
[White "Belov, Vladimir"]
[Black "Palac, Mladen"]
[Result "1-0"]
[WhiteElo "2599"]
[BlackElo "2561"]
[PlyCount "75"]
[EventDate "2006.04.04"]
[EventRounds "11"]
[EventCountry "AUT"]

1. d4 Nf6 2. c4 e6 3. Nc3 Bb4 4. Qc2 c5 5. dxc5 O-O 6. a3 Bxc5 7. Nf3 b6 8. Bf4
Bb7 9. Rd1 Nc6 10. b4 Nh5 11. Bc1 Be7 12. e4 Rc8 13. Be2 a5 14. b5 Nb8 15. e5
f6 16. Ne4 fxe5 17. Neg5 Bxg5 18. Nxg5 Rf5 19. Bxh5 Rxg5 20. Bxg5 Qxg5 21. Bf3
e4 22. h4 Qg6 23. h5 Qg5 24. Be2 Qxg2 25. Rf1 d5 26. h6 Nd7 27. Qc3 Qg5 28. Rh1
Qe5 29. Qe3 g6 30. Rg1 Nc5 31. cxd5 exd5 32. f4 Qf6 33. f5 Rd8 34. Rg5 Kh8 35.
Rd4 Rd6 36. Bc4 Nd3+ 37. Bxd3 exd3 38. Rxd3 1-0

[Event "7th EuropCh Men"]
[Site "Kusadasi / Turkey"]
[Date "2006.04.09"]
[Round "6"]
[White "Dgebuadze, Alexandre"]
[Black "Inarkiev, Ernesto"]
[Result "1/2-1/2"]
[WhiteElo "2535"]
[BlackElo "2598"]
[PlyCount "114"]
[EventDate "2006.04.04"]
[EventRounds "11"]
[EventCountry "AUT"]

1. e4 e5 2. Nf3 Nc6 3. Bc4 Nf6 4. d3 h6 5. Nc3 d6 6. a3 g6 7. h3 Bg7 8. Be3 O-O
9. Qd2 Kh7 10. g4 Nd7 11. O-O-O Nd4 12. Bxd4 exd4 13. Ne2 Qf6 14. Qf4 Qxf4+ 15.
Nxf4 Ne5 16. Nxd4 Nxg4 17. hxg4 Bxd4 18. g5 h5 19. Rdf1 c6 20. c3 Bg7 21. Rfg1
Bd7 22. d4 Rae8 23. f3 Re7 24. Rh4 f5 25. Rgh1 Be8 26. exf5 Rxf5 27. Bd3 Rxg5
28. Nxh5 Kg8 29. Nxg7 Kxg7 30. Rh7+ Kf6 31. Rxe7 Kxe7 32. Re1+ Kf7 33. f4 Rg3
34. Kd2 Bd7 35. Re2 Kf6 36. Rh2 Be6 37. b4 b5 38. Be4 Bf5 39. Rg2 Rh3 40. Bxf5
gxf5 41. Rg8 Ke6 42. Rg6+ Kd5 43. Rf6 Rh2+ 44. Kd3 Rh5 45. Ke3 c5 46. bxc5 dxc5
47. dxc5 Kxc5 48. Ra6 Kc4 49. a4 Rh3+ 50. Kf2 Rxc3 51. axb5 Kxb5 52. Rxa7 Kc4
53. Ra5 Kd4 54. Re5 Rc5 55. Re8 Rc3 56. Re5 Rc5 57. Re8 Rc3 1/2-1/2

[Event "7th EuropCh Men"]
[Site "Kusadasi / Turkey"]
[Date "2006.04.09"]
[Round "6"]
[White "Malakhatko, Vadim"]
[Black "Miroshnichenko, Evgenij"]
[Result "1/2-1/2"]
[WhiteElo "2559"]
[BlackElo "2597"]
[PlyCount "22"]
[EventDate "2006.04.04"]
[EventRounds "11"]
[EventCountry "AUT"]

1. d4 Nf6 2. Nf3 d5 3. c4 e6 4. e3 c5 5. dxc5 Bxc5 6. a3 O-O 7. cxd5 exd5 8.
Be2 Nc6 9. b4 Bb6 10. Bb2 a6 11. O-O Be6 1/2-1/2

[Event "7th EuropCh Men"]
[Site "Kusadasi / Turkey"]
[Date "2006.04.09"]
[Round "6"]
[White "L"]
[Black "Mamedov, Rauf"]
[Result "1/2-1/2"]
[WhiteElo "2565"]
[BlackElo "2529"]
[PlyCount "154"]
[EventDate "2006.04.04"]
[EventRounds "11"]
[EventCountry "AUT"]

1. d4 Nf6 2. c4 g6 3. Nc3 Bg7 4. e4 d6 5. Nf3 O-O 6. Be2 Na6 7. O-O c6 8. Rb1
e5 9. d5 Nc5 10. Bg5 cxd5 11. cxd5 h6 12. Bxf6 Qxf6 13. b4 Nd7 14. Nd2 Qe7 15.
Nc4 Nf6 16. Na5 Rb8 17. Qd3 Bd7 18. Qe3 a6 19. b5 axb5 20. Bxb5 Rfc8 21. Rfc1
h5 22. Bxd7 Qxd7 23. f3 Rc5 24. Nb3 Rc7 25. a4 Ra8 26. Qb6 Bh6 27. Nb5 Rxc1+
28. Nxc1 Ra6 29. Qc7 Qxc7 30. Nxc7 Rxa4 31. Nb5 Ne8 32. Ne2 Rc4 33. Kf2 h4 34.
Na3 Ra4 35. Nb5 Bd2 36. Nec3 Bxc3 37. Nxc3 Rc4 38. Nd1 Rc2+ 39. Kf1 Rc7 40. Ne3
Kf8 41. g3 hxg3 42. hxg3 Nf6 43. Ke2 Ke7 44. Rb6 Nd7 45. Rb4 Nc5 46. f4 f6 47.
f5 g5 48. Kf3 Rc8 49. Nc4 Rc7 50. Na5 Kd8 51. Rb6 Rd7 52. Nc4 Kc7 53. Rb1 g4+
54. Kxg4 Nxe4 55. Kh5 Rg7 56. g4 Rg5+ 57. Kh4 Rg8 58. Kh5 Ng3+ 59. Kh4 Ne2 60.
Kh3 Rh8+ 61. Kg2 Nf4+ 62. Kf3 Nxd5 63. g5 fxg5 64. Rc1 Rh3+ 65. Kg4 Rc3 66.
Rxc3 Nxc3 67. f6 Ne4 68. f7 Nf6+ 69. Kxg5 Nd7 70. Kf5 b5 71. Ne3 b4 72. Nd5+
Kd8 73. Nxb4 Ke7 74. Kg6 Kf8 75. Nd5 e4 76. Kf5 Kxf7 77. Kxe4 Nf6+ 1/2-1/2

[Event "7th EuropCh Men"]
[Site "Kusadasi / Turkey"]
[Date "2006.04.09"]
[Round "6"]
[White "Predojevic, Borki"]
[Black "Atalik, Suat"]
[Result "0-1"]
[WhiteElo "2566"]
[BlackElo "2627"]
[PlyCount "114"]
[EventDate "2006.04.04"]
[EventRounds "11"]
[EventCountry "AUT"]

1. e4 e5 2. Nf3 Nc6 3. Bb5 a6 4. Ba4 Nf6 5. O-O Nxe4 6. d4 b5 7. Bb3 d5 8. dxe5
Be6 9. Be3 Be7 10. c3 O-O 11. Nbd2 Qd7 12. Re1 Nxd2 13. Bxd2 Rad8 14. Nd4 Nxd4
15. cxd4 c5 16. dxc5 Bxc5 17. Rc1 Qa7 18. Qf3 Rfe8 19. Bc2 Rc8 20. Bd3 g6 21.
h4 Qd7 22. Qf4 h5 23. b4 Bf8 24. Rxc8 Rxc8 25. Re3 Bg7 26. Qd4 Rd8 27. Re1 Bf5
28. Bg5 Re8 29. Bxf5 Qxf5 30. Qxd5 Rxe5 31. Rxe5 Qxe5 32. Qd2 Qd4 33. Qxd4 Bxd4
34. Kf1 f6 35. Be3 Be5 36. Ke2 Kf7 37. Kd3 Ke6 38. Ke4 f5+ 39. Kd3 f4 40. Bd4
Bd6 41. Ke4 Bxb4 42. Kxf4 Be7 43. g3 a5 44. Ke4 a4 45. Bh8 b4 46. Kd3 Kd5 47.
Bg7 Bc5 48. f3 Bd6 49. g4 Be7 50. gxh5 gxh5 51. f4 Bxh4 52. f5 Be1 53. Bf6 h4
54. Bd8 h3 55. f6 h2 56. f7 h1=Q 57. f8=Q Qe4# 0-1

[Event "7th EuropCh Men"]
[Site "Kusadasi / Turkey"]
[Date "2006.04.09"]
[Round "6"]
[White "Guseinov, Gadir"]
[Black "Bartel, Mateusz"]
[Result "1/2-1/2"]
[WhiteElo "2610"]
[BlackElo "2554"]
[PlyCount "95"]
[EventDate "2006.04.04"]
[EventRounds "11"]
[EventCountry "AUT"]

1. e4 e6 2. Nf3 d5 3. Nc3 d4 4. Ne2 c5 5. c3 Nf6 6. Ng3 a6 7. Ne5 h5 8. d3 h4
9. Ne2 Nfd7 10. Nxd7 Qxd7 11. f4 Nc6 12. Ng1 b6 13. Nf3 Bb7 14. cxd4 Nxd4 15.
Be3 Nxf3+ 16. gxf3 Rd8 17. Qb3 Qc7 18. Qc3 f6 19. Rg1 Bd6 20. Rg4 O-O 21. Qb3
Rde8 22. Rxh4 f5 23. O-O-O b5 24. Bh3 c4 25. dxc4 Be7 26. Rh5 Bf6 27. Bg2 bxc4
28. Qb6 Qf7 29. Rh3 Rb8 30. e5 Bd8 31. Qa7 Bc7 32. Rg3 Bd5 33. Rg1 Rb7 34. Qxa6
Rfb8 35. Bf1 Rxb2 36. Rxg7+ Qxg7 37. Rxg7+ Kxg7 38. Bxc4 Rb1+ 39. Kc2 R1b2+ 40.
Kc3 Bxc4 41. Kxc4 Bb6 42. Bxb6 R8xb6 43. Qa7+ Kg6 44. h4 Rc6+ 45. Kd3 Rbc2 46.
Qg1+ Kh6 47. Qg5+ Kh7 48. Kd4 1/2-1/2

[Event "7th EuropCh Men"]
[Site "Kusadasi / Turkey"]
[Date "2006.04.09"]
[Round "6"]
[White "Czarnota, Pawel"]
[Black "Socko, Bartosz"]
[Result "1/2-1/2"]
[WhiteElo "2529"]
[BlackElo "2606"]
[PlyCount "23"]
[EventDate "2006.04.04"]
[EventRounds "11"]
[EventCountry "AUT"]

1. e4 g6 2. d4 Bg7 3. Nc3 d6 4. Be3 c6 5. h3 b5 6. Bd3 Nd7 7. Nf3 Qc7 8. O-O
Ngf6 9. Ne2 O-O 10. Ng3 e5 11. dxe5 dxe5 12. c4 1/2-1/2

[Event "7th EuropCh Men"]
[Site "Kusadasi / Turkey"]
[Date "2006.04.09"]
[Round "6"]
[White "Kacheishvili, Giorgi"]
[Black "Svetushkin, Dmitry"]
[Result "1/2-1/2"]
[WhiteElo "2605"]
[BlackElo "2552"]
[PlyCount "44"]
[EventDate "2006.04.04"]
[EventRounds "11"]
[EventCountry "AUT"]

1. c4 Nf6 2. Nc3 e5 3. Nf3 Nc6 4. a3 g6 5. g3 Bg7 6. Bg2 O-O 7. O-O d5 8. cxd5
Nxd5 9. Nxe5 Nxc3 10. Nxc6 Nxe2+ 11. Qxe2 bxc6 12. Bxc6 Rb8 13. d3 Bh3 14. Re1
Rb3 15. Rb1 Qxd3 16. Qxd3 Rxd3 17. Be4 Rb3 18. Bc2 Rb6 19. b4 Rc6 20. Be4 Re6
21. Bb2 Rfe8 22. f3 Rd6 1/2-1/2

[Event "7th EuropCh Men"]
[Site "Kusadasi / Turkey"]
[Date "2006.04.09"]
[Round "6"]
[White "Sulskis, Sarunas"]
[Black "Iordachescu, Viorel"]
[Result "1/2-1/2"]
[WhiteElo "2497"]
[BlackElo "2601"]
[PlyCount "103"]
[EventDate "2006.04.04"]
[EventRounds "11"]
[EventCountry "AUT"]

1. e4 c6 2. d4 d5 3. exd5 cxd5 4. c4 Nf6 5. Nc3 g6 6. cxd5 Nxd5 7. Bc4 Nb6 8.
Bb3 Bg7 9. Nf3 O-O 10. h3 Nc6 11. Be3 Na5 12. Bc2 Be6 13. Ng5 Qd7 14. Nxe6 Qxe6
15. O-O Rad8 16. Re1 Qd7 17. Qe2 Nc6 18. Rad1 e6 19. Bb3 Na5 20. d5 Nxb3 21.
Bxb6 axb6 22. dxe6 Qxe6 23. Qxe6 fxe6 24. axb3 Bd4 25. Re2 e5 26. Kf1 Kf7 27.
Ne4 h6 28. Rc2 Ke6 29. Rdc1 Rd7 30. Ke2 Ra8 31. h4 Ra2 32. g3 Rxb2 33. Rxb2
Bxb2 34. Rc8 Rd4 35. f3 Rb4 36. Rg8 Kf7 37. Rb8 Rxb3 38. Rxb7+ Kg8 39. Rb8+ Kf7
40. Rb7+ Kg8 41. Nf6+ Kf8 42. Nd7+ Ke8 43. Rxb6 Rxb6 44. Nxb6 Ke7 45. Nc4 Bc3
46. Ne3 Ke6 47. Ng4 h5 48. Nf2 Kd5 49. Ne4 Bb4 50. Ke3 Ba5 51. Kd3 Bb4 52. Nf2
1/2-1/2

[Event "7th EuropCh Men"]
[Site "Kusadasi / Turkey"]
[Date "2006.04.09"]
[Round "6"]
[White "Azarov, Sergei"]
[Black "Chuchelov, Vladimir"]
[Result "1/2-1/2"]
[WhiteElo "2592"]
[BlackElo "2538"]
[PlyCount "139"]
[EventDate "2006.04.04"]
[EventRounds "11"]
[EventCountry "AUT"]

1. e4 c5 2. Nf3 e6 3. d4 cxd4 4. Nxd4 a6 5. Bd3 Nf6 6. O-O d6 7. c4 Bd7 8. Nc3
Nc6 9. Nxc6 Bxc6 10. b4 Be7 11. b5 Bd7 12. Bb2 O-O 13. Qe2 axb5 14. cxb5 e5 15.
Bc4 Qb6 16. a4 Be6 17. Qd3 Qc5 18. Bxe6 fxe6 19. Ba3 Qd4 20. Qh3 Kf7 21. Rfd1
Qc4 22. Rd3 Rfc8 23. Rad1 Bf8 24. g4 h6 25. Qf3 d5 26. Bxf8 dxe4 27. Nxe4 Qxe4
28. Qxe4 Nxe4 29. Bd6 Nc3 30. Rxc3 Rxc3 31. Bxe5 Rc5 32. Rd7+ Ke8 33. Rxg7 Rxa4
34. Bf6 Rf4 35. Bh4 Rxb5 36. h3 h5 37. Bg3 Rf7 38. Rg6 hxg4 39. hxg4 Kd7 40.
Rg8 Rc5 41. Rb8 Kc6 42. Re8 Rf6 43. Kg2 b5 44. f4 Rg6 45. g5 b4 46. Bf2 Rb5 47.
Bd4 b3 48. Bb2 e5 49. fxe5 Rxg5+ 50. Kf3 Rh5 51. Rc8+ Kd5 52. Rd8+ Ke6 53. Rd6+
Ke7 54. Rd2 Rh3+ 55. Ke4 Rb4+ 56. Kd5 Ra4 57. Rg2 Rd3+ 58. Kc5 Re4 59. Rh2 Ke6
60. Rh6+ Kf5 61. Rf6+ Kg4 62. Rd6 Rde3 63. Rd4 Kf5 64. Kc4 Rxe5 65. Bc3 Rc5+
66. Kxc5 Rxc3+ 67. Kd5 b2 68. Rb4 Rc2 69. Kd4 Rh2 70. Kc3 1/2-1/2

[Event "7th EuropCh Men"]
[Site "Kusadasi / Turkey"]
[Date "2006.04.09"]
[Round "6"]
[White "Kempinski, Robert"]
[Black "Berg, Emanuel"]
[Result "1-0"]
[WhiteElo "2586"]
[BlackElo "2539"]
[PlyCount "73"]
[EventDate "2006.04.04"]
[EventRounds "11"]
[EventCountry "AUT"]

1. d4 Nf6 2. c4 e6 3. Nc3 Bb4 4. Qc2 c5 5. dxc5 O-O 6. a3 Bxc5 7. Nf3 Nc6 8.
Bf4 b6 9. Rd1 Bb7 10. b4 Nh5 11. Ng5 g6 12. Bc1 Be7 13. Nf3 a6 14. e3 Qc7 15.
Be2 Rac8 16. Bb2 Rfd8 17. O-O Nf6 18. Qb3 Nb8 19. Rc1 Ng4 20. h3 Bxf3 21. hxg4
Ba8 22. Na4 d6 23. c5 bxc5 24. bxc5 Qb7 25. Qxb7 Bxb7 26. cxd6 Bxd6 27. Nb6
Rxc1 28. Rxc1 Nd7 29. Nc4 Bc7 30. g5 Kf8 31. Bc3 Rc8 32. Bb4+ Ke8 33. Bf3 Rb8
34. Bd6 Bxf3 35. Bxc7 Rb7 36. Nd6+ Ke7 37. Nc8+ 1-0

[Event "7th EuropCh Men"]
[Site "Kusadasi / Turkey"]
[Date "2006.04.09"]
[Round "6"]
[White "Balogh, Csaba"]
[Black "Narciso Dublan, Marc"]
[Result "1-0"]
[WhiteElo "2576"]
[BlackElo "2510"]
[PlyCount "115"]
[EventDate "2006.04.04"]
[EventRounds "11"]
[EventCountry "AUT"]

1. e4 e6 2. d4 d5 3. Nd2 c5 4. Ngf3 Nf6 5. exd5 exd5 6. Bb5+ Bd7 7. Qe2+ Be7 8.
dxc5 O-O 9. Nb3 Re8 10. Be3 a6 11. Bd3 Ba4 12. Nfd4 Nbd7 13. O-O-O Bxb3 14.
Nxb3 Nxc5 15. Qf3 Nxb3+ 16. axb3 Qa5 17. Kb1 Bc5 18. Bxc5 Qxc5 19. Qf4 a5 20.
Rhe1 Qc6 21. Qd4 b6 22. g4 Rxe1 23. Rxe1 Re8 24. Rd1 h6 25. h4 Qc5 26. Qxc5
bxc5 27. Bb5 Rb8 28. Bc6 d4 29. Bf3 Kf8 30. Ka2 Rb4 31. Ka3 g5 32. hxg5 hxg5
33. Be2 Ke7 34. f3 Nd7 35. Rh1 Ne5 36. Rh5 f6 37. Rh7+ Kd6 38. Ra7 Nc6 39. Rf7
Ke6 40. Rf8 Ke7 41. Ra8 Kd6 42. Bd3 Rb6 43. Be4 Ke5 44. Re8+ Kd6 45. Bf5 Ne7
46. Rd8+ Ke5 47. Be4 Kf4 48. Ka4 f5 49. gxf5 g4 50. fxg4 Kxe4 51. Re8 d3 52.
Rxe7+ Kf3 53. cxd3 Kxg4 54. Re5 Rb4+ 55. Ka3 Rd4 56. Re4+ Kxf5 57. Rxd4 cxd4
58. b4 1-0

[Event "7th EuropCh Men"]
[Site "Kusadasi / Turkey"]
[Date "2006.04.09"]
[Round "6"]
[White "Postny, Evgeny"]
[Black "Kotanjian, Tigran"]
[Result "1/2-1/2"]
[WhiteElo "2572"]
[BlackElo "2435"]
[PlyCount "61"]
[EventDate "2006.04.04"]
[EventRounds "11"]
[EventCountry "AUT"]

1. c4 c5 2. Nf3 Nc6 3. d4 cxd4 4. Nxd4 Nf6 5. Nc3 e6 6. Bf4 a6 7. e3 Bb4 8. Be2
Ne4 9. Nxc6 bxc6 10. Qd4 Qf6 11. Rc1 Nxc3 12. bxc3 Ba3 13. Rb1 d6 14. O-O e5
15. Qe4 Bd7 16. Rb7 Qe6 17. Bg3 f5 18. Qd3 Bc5 19. Rfb1 O-O 20. Bxe5 Qxe5 21.
Rxd7 f4 22. e4 Rab8 23. Rbb7 Rxb7 24. Rxb7 h5 25. h3 Kh7 26. Kf1 Kh6 27. Bf3
Rg8 28. Rf7 g6 29. Rb7 Rg7 30. Rb8 Kh7 31. Rb1 1/2-1/2

[Event "7th EuropCh Men"]
[Site "Kusadasi / Turkey"]
[Date "2006.04.09"]
[Round "6"]
[White "Mastrovasilis, Athanasios"]
[Black "Mastrovasilis, Dimitrios"]
[Result "1/2-1/2"]
[WhiteElo "2508"]
[BlackElo "2577"]
[PlyCount "21"]
[EventDate "2006.04.04"]
[EventRounds "11"]
[EventCountry "AUT"]

1. e4 d6 2. Nf3 g6 3. d4 Bg7 4. Nc3 Nd7 5. Be2 a6 6. a4 b6 7. O-O e6 8. Re1 Ne7
9. Be3 O-O 10. Qd2 Bb7 11. Bh6 1/2-1/2

[Event "7th EuropCh Men"]
[Site "Kusadasi / Turkey"]
[Date "2006.04.09"]
[Round "6"]
[White "Agrest, Evgenij"]
[Black "Heberla, Bartolomiej"]
[Result "0-1"]
[WhiteElo "2570"]
[BlackElo "2497"]
[PlyCount "96"]
[EventDate "2006.04.04"]
[EventRounds "11"]
[EventCountry "AUT"]

1. Nf3 c5 2. c4 g6 3. d4 Bg7 4. e4 Qb6 5. dxc5 Qxc5 6. Be2 d6 7. O-O Nc6 8. a3
Bg4 9. b4 Qb6 10. Be3 Qc7 11. Ra2 Bxf3 12. gxf3 Nf6 13. Nc3 O-O 14. Rc2 Rfd8
15. Kh1 e6 16. Rd2 Qe7 17. Rg1 Nh5 18. Qc1 Be5 19. Bg5 f6 20. Be3 Kh8 21. Rdd1
g5 22. Bf1 Qf8 23. Ne2 Qh6 24. Bh3 Ne7 25. Rg2 Nf4 26. Bxf4 Qxh3 27. Bg3 Ng6
28. f4 gxf4 29. Nxf4 Bxf4 30. Bxf4 Qf3 31. Bg3 Rg8 32. Rdg1 Qxe4 33. Qc3 e5 34.
f3 Qf5 35. Qe3 Rac8 36. Rc1 d5 37. c5 Rg7 38. Rd2 d4 39. Qd3 Qh5 40. Rf1 Rcg8
41. Qe2 Qh6 42. Qe1 Ne7 43. Rg2 Nf5 44. Rfg1 Qh3 45. Qf2 Rxg3 46. Rxg3 Nxg3+
47. Rxg3 Rxg3 48. Qxg3 Qxg3 0-1

[Event "7th EuropCh Men"]
[Site "Kusadasi / Turkey"]
[Date "2006.04.09"]
[Round "6"]
[White "Itkis, Boris"]
[Black "Pelletier, Yannick"]
[Result "0-1"]
[WhiteElo "2490"]
[BlackElo "2570"]
[PlyCount "64"]
[EventDate "2006.04.04"]
[EventRounds "11"]
[EventCountry "AUT"]

1. d4 Nf6 2. Nf3 e6 3. c4 d5 4. Nc3 c6 5. cxd5 exd5 6. Bg5 h6 7. Bh4 Bf5 8. e3
Nbd7 9. Bd3 Bxd3 10. Qxd3 Bd6 11. O-O O-O 12. Bg3 Bxg3 13. hxg3 Qe7 14. Nd2
Rfe8 15. Rfe1 Qd6 16. Nf1 Re6 17. f3 Rae8 18. Rad1 R6e7 19. Re2 a6 20. Qf5 Nh7
21. Qc2 Ng5 22. Na4 h5 23. Qd2 Qg6 24. Qc2 Qh6 25. Nc5 Nxc5 26. Qxc5 Re6 27.
Qb6 R8e7 28. Qb4 h4 29. g4 h3 30. Nh2 hxg2 31. Qc3 Nh3+ 32. Kxg2 Nf4+ 0-1

[Event "7th EuropCh Men"]
[Site "Kusadasi / Turkey"]
[Date "2006.04.09"]
[Round "6"]
[White "Guliev, Sarhan"]
[Black "Sedlak, Nikola"]
[Result "1/2-1/2"]
[WhiteElo "2484"]
[BlackElo "2564"]
[PlyCount "106"]
[EventDate "2006.04.04"]
[EventRounds "11"]
[EventCountry "AUT"]

1. d4 d6 2. Nf3 Nf6 3. c4 g6 4. g3 Bf5 5. Bg2 Qc8 6. Qb3 c6 7. Nc3 Bg7 8. O-O
O-O 9. Re1 Na6 10. e4 Bg4 11. e5 Nd7 12. exd6 exd6 13. Bf4 Bxf3 14. Bxf3 Bxd4
15. Bxd6 Rd8 16. Bg4 Bc5 17. Ne4 f5 18. Bh3 Re8 19. Nxc5 Ndxc5 20. Qa3 Ne4 21.
Bf4 Qd8 22. Bg2 Qd4 23. Bxe4 Rxe4 24. Rxe4 Qxe4 25. Qc3 Re8 26. Rd1 Nc5 27. Bh6
Qe7 28. b4 Ne6 29. Bc1 Rd8 30. Rxd8+ Qxd8 31. Bb2 Kf7 32. Qe5 Qe7 33. Qh8 Ng5
34. Bc3 Ke6 35. h4 Ne4 36. Bd4 Nd2 37. Bxa7 Nxc4 38. Bc5 Qd7 39. Qg8+ Qf7 40.
Qd8 Qd7 41. Qg8+ Qf7 42. Qh8 Ne5 43. Be3 Kd5 44. Bf4 Nf3+ 45. Kg2 Nd4 46. Be3
Ne6 47. Qc3 Kd6 48. b5 cxb5 49. Qb4+ Kc6 50. Qc3+ Kd7 51. Qd3+ Kc6 52. Qc3+ Kd7
53. Qd3+ Kc6 1/2-1/2

[Event "7th EuropCh Men"]
[Site "Kusadasi / Turkey"]
[Date "2006.04.09"]
[Round "6"]
[White "Kuzubov, Yuriy"]
[Black "Shanava, Konstantine"]
[Result "0-1"]
[WhiteElo "2548"]
[BlackElo "2484"]
[PlyCount "82"]
[EventDate "2006.04.04"]
[EventRounds "11"]
[EventCountry "AUT"]

1. d4 Nf6 2. c4 e6 3. g3 Bb4+ 4. Bd2 Be7 5. Bg2 O-O 6. Nc3 d5 7. cxd5 exd5 8.
Nf3 Nbd7 9. O-O c6 10. a3 a5 11. Qc2 Re8 12. Na4 Ne4 13. Bf4 Nf8 14. Ne5 f6 15.
Nd3 Bf5 16. b3 Rc8 17. Rfc1 Ne6 18. Be3 b5 19. Nc3 c5 20. Nxc5 Bxc5 21. dxc5
Nxc3 22. Qxf5 d4 23. Rxc3 dxc3 24. Bd5 Qe7 25. b4 Kh8 26. Rc1 axb4 27. axb4 Nc7
28. Bb7 Rb8 29. Bc6 Red8 30. Bf4 Rd4 31. Rxc3 Qxe2 32. Bxc7 Rd1+ 33. Kg2 Qf1+
34. Kf3 Rf8 35. Qe4 Qh1+ 36. Kf4 Qxh2 37. Qg2 Qh6+ 38. Kf3 f5 39. Bd6 Qh5+ 40.
Ke3 Re8+ 41. Bxe8 Qxe8+ 0-1

[Event "7th EuropCh Men"]
[Site "Kusadasi / Turkey"]
[Date "2006.04.09"]
[Round "6"]
[White "Andersson, Ulf"]
[Black "Haznedaroglu, Kivanc"]
[Result "1/2-1/2"]
[WhiteElo "2545"]
[BlackElo "2453"]
[PlyCount "27"]
[EventDate "2006.04.04"]
[EventRounds "11"]
[EventCountry "AUT"]

1. Nf3 d5 2. d4 Nf6 3. c4 c6 4. cxd5 cxd5 5. Nc3 Nc6 6. Bf4 Ne4 7. e3 Nxc3 8.
bxc3 g6 9. Ne5 Bg7 10. Bb5 Bxe5 11. Bxe5 O-O 12. Bxc6 bxc6 13. Qa4 Bf5 14. Rf1
1/2-1/2

[Event "7th EuropCh Men"]
[Site "Kusadasi / Turkey"]
[Date "2006.04.09"]
[Round "6"]
[White "Romanov, Evgeny"]
[Black "Galego, Luis"]
[Result "1-0"]
[WhiteElo "2480"]
[BlackElo "2543"]
[PlyCount "75"]
[EventDate "2006.04.04"]
[EventRounds "11"]
[EventCountry "AUT"]

1. e4 c5 2. b3 e6 3. Bb2 d6 4. f4 Nf6 5. Qf3 Nc6 6. Nc3 a6 7. O-O-O Be7 8. g4
Nd4 9. Qg2 Bd7 10. g5 Nh5 11. Nh3 g6 12. Be2 Ng7 13. Nf2 e5 14. Bg4 Nge6 15.
Nd5 Nxf4 16. Nxf4 exf4 17. h4 h6 18. c3 Nc6 19. Kb1 c4 20. d4 Bxg4 21. Qxg4
cxb3 22. axb3 Qb6 23. h5 gxh5 24. Rxh5 Qxb3 25. Rxh6 Rf8 26. e5 dxe5 27. Ne4
Qd5 28. Nf6+ Bxf6 29. Rxf6 Rg8 30. dxe5 Qe4+ 31. Ka1 Qa4+ 32. Kb1 Qe4+ 33. Ka1
Nxe5 34. Rxf4 Qc2 35. Re1 Rd8 36. Rxe5+ Kf8 37. Rxf7+ Kxf7 38. Qf4+ 1-0

[Event "7th EuropCh Men"]
[Site "Kusadasi / Turkey"]
[Date "2006.04.09"]
[Round "6"]
[White "Hulak, Krunoslav"]
[Black "Iotov, Valentin"]
[Result "1-0"]
[WhiteElo "2541"]
[BlackElo "2440"]
[PlyCount "69"]
[EventDate "2006.04.04"]
[EventRounds "11"]
[EventCountry "AUT"]

1. d4 Nf6 2. c4 e6 3. Nf3 b6 4. g3 Ba6 5. b3 Bb7 6. Bg2 Bb4+ 7. Bd2 a5 8. O-O
O-O 9. Qc2 d6 10. Re1 Nbd7 11. e4 e5 12. a3 Bxd2 13. Nbxd2 exd4 14. Nxd4 Re8
15. h3 Nc5 16. Re3 Qd7 17. Rae1 Ne6 18. Nf5 Qc6 19. Qb2 Nd7 20. f4 b5 21. Kh2
f6 22. cxb5 Qxb5 23. Nc4 Ndc5 24. Qc3 Qa6 25. h4 Nd7 26. Rd1 a4 27. b4 Qc6 28.
Qc1 Nb6 29. Na5 Qxc1 30. Rxc1 Rxa5 31. bxa5 Nd7 32. e5 Bxg2 33. exd6 Bb7 34.
dxc7 Nxc7 35. Rxc7 1-0

[Event "7th EuropCh Men"]
[Site "Kusadasi / Turkey"]
[Date "2006.04.09"]
[Round "6"]
[White "Jovanic, Ognjen"]
[Black "Cvitan, Ognjen"]
[Result "1/2-1/2"]
[WhiteElo "2473"]
[BlackElo "2527"]
[PlyCount "22"]
[EventDate "2006.04.04"]
[EventRounds "11"]
[EventCountry "AUT"]

1. d4 Nf6 2. Nf3 e6 3. c4 b6 4. a3 Bb7 5. Nc3 d5 6. cxd5 Nxd5 7. Qc2 Be7 8. e4
Nxc3 9. bxc3 O-O 10. Bd3 c5 11. O-O Qc7 1/2-1/2